Literatura modernista y tiempo del 98 (Record no. 17614)

MARC details
000 -LEADER
campo de control de longitud fija 01355nam a2200289 i 4500
001 - NÚMERO DE CONTROL
campo de control 17614
003 - IDENTIFICADOR DE NÚMERO DE CONTROL
campo de control ES-MaACL
005 - FECHA Y HORA DE LA ÚLTIMA TRANSACCIÓN
campo de control 20240209162444.0
007 - CAMPO FIJO DE DESCRIPCIÓN FÍSICA--INFORMACIÓN GENERAL
campo de control de longitud fija t|
008 - DATOS DE LONGITUD FIJA--INFORMACIÓN GENERAL
campo de control de longitud fija 010409s2000 sp ||||1| spa d
020 ## - NÚMERO INTERNACIONAL ESTÁNDAR DEL LIBRO
Número Internacional Estándar del Libro 84-8121-853-7
080 ## - NÚMERO DE LA CLASIFICACIÓN DECIMAL UNIVERSAL
Número de la Clasificación Decimal Universal 821.134.2.09"18/19"(063)
111 2# - ENTRADA PRINCIPAL--NOMBRE DE CONGRESO/REUNIÓN
Nombre de congreso/reunión o jurisdicción como elemento de entrada Congreso Internacional Literatura Modernista y Tiempo del 98 (
Fecha del congreso o de la firma del tratado 1998.
Sede del congreso/Lugar de la reunión Lugo)
9 (RLIN) 472
245 10 - MENCIÓN DEL TÍTULO
Título Literatura modernista y tiempo del 98
Resto del título : actas del Congreso Internacional, Lugo, 17 al 20 de noviembre de 1998 /
Mención de responsabilidad, etc. edición a cargo de Javier Serrano Alonso ... [et al.].
260 ## - PUBLICACIÓN, DISTRIBUCIÓN, ETC.
Lugar de publicación, distribución, etc. Santiago de Compostela :
Nombre del editor, distribuidor, etc. Universidade de Santiago de Compostela, Servicio de Publicacións e Intercambio Científico,
Fecha de publicación, distribución, etc. 2000.
300 ## - DESCRIPCIÓN FÍSICA
Extensión 543 p. ;
Dimensiones 24 cm.
490 1# - MENCIÓN DE SERIE
Mención de serie Cursos e congresos da Universidade de Santiago de Compostela ;
Designación de volumen o secuencia 125
530 ## - NOTA DISPONIBLE DE FORMULARIO FÍSICO ADICIONAL
Nota de formato físico adicional disponible Disponible en formato digital.
546 ## - NOTA DE IDIOMA
Nota de lengua/lenguaje Textos en castellano y gallego.
650 ## - PUNTO DE ACCESO ADICIONAL DE MATERIA--TÉRMINO DE MATERIA
Término de materia o nombre geográfico como elemento de entrada Modernismo (Literatura)-
Subdivisión geográfica España-
Subdivisión de forma Congresos y asambleas.
9 (RLIN) 15133
700 1# - ENTRADA AGREGADA--NOMBRE PERSONAL
Nombre de persona Serrano Alonso, Javier,
Fechas asociadas al nombre 1962-
9 (RLIN) 105728
710 2# - ENTRADA AGREGADA--NOMBRE DE ENTIDAD CORPORATIVA
Nombre de entidad corporativa o nombre de jurisdicción como elemento de entrada Universidad de Santiago de Compostela.
9 (RLIN) 7294
830 1# - PUNTO DE ACCESO ADICIONAL DE SERIE-TÍTULO UNIFORME
Título uniforme Cursos e congresos da Universidade de Santiago de Compostela ;
Designación de volumen o secuencia 125
9 (RLIN) 228729
852 ## - LOCALIZACIÓN
Ubicación ES-MaACL
Número de control de estantería L-24553
856 ## - LOCALIZACIÓN Y ACCESO ELECTRÓNICOS
Identificador Uniforme de Recursos <a href="http://hdl.handle.net/10347/8766 ">http://hdl.handle.net/10347/8766 </a>
Nota pública Universidade de Santiago de Compostela
Holdings
Estatus retirado Estado de pérdida Estado de daño No para préstamo Colección Biblioteca de origen Biblioteca actual Ubicación en estantería Fecha de adquisición Fuente de adquisición Total de préstamos Signatura topográfica completa Código de barras Visto por última vez Precio de reemplazo Tipo de ítem Koha
        Colección digital Biblioteca del Ateneo de Madrid Biblioteca del Ateneo de Madrid Depósito 2 17/01/2008     L-24553 1017969 23/02/2023 23/02/2023 Libro impreso